[Event "CZE-chT 2122"]
[Site "Czech Republic"]
[Date "2021.10.16"]
[Round "1.3"]
[White "Bobras, Piotr"]
[Black "Yemelin, Vasily"]
[Result "1/2-1/2"]
[WhiteElo "2500"]
[BlackElo "2527"]
[PlyCount "98"]
[EventDate "2021.10.15"]
[EventType "team-tourn"]
[EventRounds "15"]
[EventCountry "CZE"]
[SourceTitle "CBM 204 Extra"]
[Source "ChessBase"]
[SourceDate "2021.11.30"]
[SourceVersion "1"]
[SourceVersionDate "2021.11.30"]
[SourceQuality "1"]
[WhiteTeam "Poruba Slavoj"]
[BlackTeam "Lysa nad Labem"]
[WhiteTeamCountry "CZE"]
[BlackTeamCountry "CSR"]

1. e4 e5 2. Nf3 Nc6 3. Bb5 a6 4. Ba4 Nf6 5. 0-0 Be7 6. Re1 b5 7. Bb3 d6 8. c3 0-0 9. h3 Nb8 10. d4 Nbd7 11. Nbd2 Bb7 12. Bc2 Re8 13. Nf1 Bf8 14. Ng3 g6 15. a4 Bg7 16. Bd3 c6 17. Bg5 Nf8 18. Qd2 Ne6 19. Be3 Qc7 20. b4 Nd7 21. Bf1 Rad8 22. Qa2 bxa4 23. Qxa4 d5 24. Qa5 exd4 25. cxd4 c5 26. exd5 Qxa5 27. Rxa5 Nxd4 28. bxc5 Nxf3+ 29. gxf3 Bc3 30. Rb1 Bxa5 31. Rxb7 Rxe3 32. fxe3 Nxc5 33. Rb1 Rxd5 34. Ne4 Nxe4 35. fxe4 Re5 36. Bxa6 Rxe4 37. Kf2 Kg7 38. Rb7 Bd8 39. Bd3 Rh4 40. Kg3 Bg5 41. Bc2 Kf8 42. Rb8+ Ke7 43. Rb7+ Kf8 44. Rb8+ Kg7 45. Rb7 h5 46. Bb3 Re4 47. Rxf7+ Kh6 48. Rf3 Bxe3 49. Rf6 Bd4 1/2-1/2

[Event "POL-chT Ekstraliga"]
[Site "Legnica"]
[Date "2021.10.08"]
[Round "7.1"]
[White "Kanarek, Marcel"]
[Black "Bobras, Piotr"]
[Result "0-1"]
[WhiteElo "2481"]
[BlackElo "2500"]
[PlyCount "72"]
[EventDate "2021.10.02"]
[EventType "team-tourn"]
[EventRounds "9"]
[EventCountry "POL"]
[SourceTitle "CBM 204 Extra"]
[Source "ChessBase"]
[SourceDate "2021.11.30"]
[SourceVersion "1"]
[SourceVersionDate "2021.11.30"]
[SourceQuality "1"]
[WhiteTeam "Gorzow Wielkopolski Stilon"]
[BlackTeam "Legnica Miedz"]
[WhiteTeamCountry "POL"]
[BlackTeamCountry "POL"]

1. d4 Nf6 2. c4 g6 3. Nc3 Bg7 4. e4 d6 5. h3 0-0 6. Be3 Na6 7. g4 e5 8. d5 Nc5 9. Bg2 c6 10. Nge2 cxd5 11. cxd5 h5 12. Qd2 hxg4 13. hxg4 Nxg4 14. Bxc5 dxc5 15. d6 Be6 16. Nb5 Qb6 17. Nec3 Rad8 18. Bh3 a6 19. Bxg4 axb5 20. Qg5 b4 21. Bxe6 fxe6 22. Qxg6 Rf6 23. Qh7+ Kf8 24. Rg1 Rd7 25. Rxg7 Rxg7 26. Qh8+ Kf7 27. Ne2 Qxd6 28. Rd1 Qf8 29. Qh5+ Kg8 30. Qxe5 Rh6 31. Ng3 Qf3 32. Rd8+ Kh7 33. Rd6 Rh1+ 34. Nxh1 Rg1+ 35. Kd2 Rd1+ 36. Kc2 b3+ 0-1

[Event "POL-chT Ekstraliga"]
[Site "Legnica"]
[Date "2021.10.06"]
[Round "5.1"]
[White "Sowinski, Pawel"]
[Black "Bobras, Piotr"]
[Result "0-1"]
[WhiteElo "2041"]
[BlackElo "2500"]
[PlyCount "74"]
[EventDate "2021.10.02"]
[EventType "team-tourn"]
[EventRounds "9"]
[EventCountry "POL"]
[SourceTitle "CBM 204 Extra"]
[Source "ChessBase"]
[SourceDate "2021.11.30"]
[SourceVersion "1"]
[SourceVersionDate "2021.11.30"]
[SourceQuality "1"]
[WhiteTeam "Czarna"]
[BlackTeam "Legnica Miedz"]
[WhiteTeamCountry "POL"]
[BlackTeamCountry "POL"]

1. c4 e5 2. Nc3 Nf6 3. Nf3 d6 4. e4 Bg4 5. d3 Nc6 6. Be3 g6 7. h3 Bxf3 8. gxf3 Nh5 9. Qd2 Nd4 10. Bxd4 exd4 11. Ne2 Bg7 12. Rg1 0-0 13. Ng3 Qh4 14. Nxh5 Qxh5 15. 0-0-0 Bh6 16. f4 f5 17. Be2 Qh4 18. Kb1 Bxf4 19. Qc2 fxe4 20. dxe4 Be5 21. f3 c5 22. Rg4 Qxh3 23. Rdg1 Qh6 24. Qd1 Rf7 25. Qf1 Raf8 26. Rh1 Qe3 27. Qg2 Rf6 28. Qh3 R8f7 29. Bd1 Qd3+ 30. Ka1 Qd2 31. Kb1 Qd3+ 32. Ka1 Rxf3 33. Bxf3 Qxf3 34. Qxf3 Rxf3 35. Kb1 Kg7 36. b3 Rf2 37. Rh3 h6 0-1

[Event "POL-chT Ekstraliga"]
[Site "Legnica"]
[Date "2021.10.05"]
[Round "4.1"]
[White "Zilka, Stepan"]
[Black "Bobras, Piotr"]
[Result "1-0"]
[WhiteElo "2580"]
[BlackElo "2500"]
[PlyCount "55"]
[EventDate "2021.10.02"]
[EventType "team-tourn"]
[EventRounds "9"]
[EventCountry "POL"]
[SourceTitle "CBM 204 Extra"]
[Source "ChessBase"]
[SourceDate "2021.11.30"]
[SourceVersion "1"]
[SourceVersionDate "2021.11.30"]
[SourceQuality "1"]
[WhiteTeam "Pegow Wieza"]
[BlackTeam "Legnica Miedz"]
[WhiteTeamCountry "POL"]
[BlackTeamCountry "POL"]

1. d4 Nf6 2. c4 g6 3. Nc3 Bg7 4. e4 d6 5. h3 0-0 6. Be3 Na6 7. Nge2 e5 8. d5 Nc5 9. f3 Nh5 10. Qd2 f5 11. exf5 gxf5 12. 0-0-0 a6 13. g4 Nf6 14. gxf5 Bxf5 15. Ng3 Bg6 16. Rg1 b5 17. Bxc5 dxc5 18. Bd3 b4 19. Na4 Qd6 20. Qg5 e4 21. fxe4 Nd7 22. Nf5 Bf6 23. Qh6 Qe5 24. Rxg6+ hxg6 25. Qxg6+ Bg7 26. Rg1 Rxf5 27. exf5 Re8 28. f6 1-0

[Event "POL-chT Ekstraliga"]
[Site "Warsaw"]
[Date "2020.08.31"]
[Round "6.5"]
[White "Bobras, Piotr"]
[Black "Nguyen, Piotr"]
[Result "1/2-1/2"]
[WhiteElo "2487"]
[BlackElo "2422"]
[PlyCount "42"]
[EventDate "2020.08.26"]
[EventType "team-tourn"]
[EventRounds "9"]
[EventCountry "POL"]
[SourceTitle "CBM 198 Extra"]
[Source "ChessBase"]
[SourceDate "2020.11.30"]
[SourceVersion "1"]
[SourceVersionDate "2020.11.30"]
[SourceQuality "1"]
[WhiteTeam "Legnica Miedz"]
[BlackTeam "Krakow Dwie Wieze"]
[WhiteTeamCountry "POL"]
[BlackTeamCountry "POL"]

1. e4 c5 2. Nf3 Nc6 3. d4 cxd4 4. Nxd4 g6 5. c4 Nf6 6. Nc3 d6 7. Be2 Nxd4 8. Qxd4 Bg7 9. Be3 0-0 10. Qd2 a5 11. 0-0 a4 12. Bd4 Qa5 13. Rad1 Bd7 14. Qe3 Bc6 15. Nd5 Bxd5 16. exd5 Rfe8 17. h4 h5 18. Bc3 Qa7 19. Bd4 Qa5 20. Bc3 Qa7 21. Bd4 Qa5 1/2-1/2

[Event "POL-chT Ekstraliga"]
[Site "Warsaw"]
[Date "2020.08.26"]
[Round "1.4"]
[White "Bobras, Piotr"]
[Black "Dzierzak, Radoslaw"]
[Result "1-0"]
[WhiteElo "2487"]
[BlackElo "2276"]
[PlyCount "121"]
[EventDate "2020.08.26"]
[EventType "team-tourn"]
[EventRounds "9"]
[EventCountry "POL"]
[SourceTitle "CBM 198 Extra"]
[Source "ChessBase"]
[SourceDate "2020.11.30"]
[SourceVersion "1"]
[SourceVersionDate "2020.11.30"]
[SourceQuality "1"]
[WhiteTeam "Legnica Miedz"]
[BlackTeam "Podlesie UKS 21"]
[WhiteTeamCountry "POL"]
[BlackTeamCountry "POL"]

1. e4 c6 2. d4 d5 3. Nc3 dxe4 4. Nxe4 Bf5 5. Ng3 Bg6 6. h4 h6 7. Nf3 Nd7 8. h5 Bh7 9. Bd3 Bxd3 10. Qxd3 e6 11. Bd2 Ngf6 12. 0-0-0 Be7 13. Kb1 0-0 14. Ne4 Nxe4 15. Qxe4 Nf6 16. Qe2 Qd5 17. Ne5 Qe4 18. Qxe4 Nxe4 19. Be1 Rfd8 20. f3 Nf6 21. Bf2 Nd5 22. c4 Nf6 23. g4 Rac8 24. Rhe1 Bd6 25. b3 Kf8 26. Kc2 a6 27. Nd3 Ra8 28. Re2 b5 29. Be1 Rdc8 30. Ba5 Nd7 31. Ne5 Nf6 32. Bb6 Ke8 33. Bc5 Be7 34. f4 Nd7 35. Bxe7 Kxe7 36. f5 Nxe5 37. Rxe5 Kd7 38. fxe6+ fxe6 39. Rde1 Re8 40. Kc3 Rab8 41. g5 hxg5 42. Rxg5 Re7 43. Rf1 Kd6 44. c5+ Kd7 45. Kb4 a5+ 46. Kxa5 Ra8+ 47. Kb4 Rxa2 48. Rfg1 Rd2 49. R1g4 Rh2 50. Ka5 Rh3 51. Kb6 Rxb3 52. Rxg7 Rh3 53. Rxe7+ Kxe7 54. Kxc6 b4 55. Rg7+ Kf6 56. Rb7 b3 57. h6 Rxh6 58. Rxb3 Ke7 59. Rb7+ Ke8 60. Kd6 Rh4 61. Kxe6 1-0

[Event "POL-chT Ekstraliga"]
[Site "Katowice"]
[Date "2019.09.05"]
[Round "9.4"]
[White "Wieczorek, Oskar"]
[Black "Bobras, Piotr"]
[Result "1/2-1/2"]
[WhiteElo "2497"]
[BlackElo "2488"]
[PlyCount "29"]
[EventDate "2019.08.28"]
[EventType "team-tourn"]
[EventRounds "9"]
[EventCountry "POL"]
[SourceTitle "EXT 2020"]
[Source "ChessBase"]
[SourceDate "2019.10.17"]
[SourceVersion "1"]
[SourceVersionDate "2019.10.17"]
[SourceQuality "1"]
[WhiteTeam "Wroclaw Polonia"]
[BlackTeam "Legnica Miedz"]
[WhiteTeamCountry "POL"]
[BlackTeamCountry "POL"]

1. e4 e5 2. Nf3 Nc6 3. Bb5 a6 4. Ba4 Nf6 5. 0-0 Nxe4 6. d4 b5 7. Bb3 d5 8. dxe5 Be6 9. Nbd2 Be7 10. c3 0-0 11. Re1 Nc5 12. Bc2 d4 13. cxd4 Nxd4 14. Nxd4 Qxd4 15. Qe2 1/2-1/2

[Event "POL-chT Ekstraliga"]
[Site "Katowice"]
[Date "2019.09.01"]
[Round "5.2"]
[White "Mikrut, Dariusz"]
[Black "Bobras, Piotr"]
[Result "1-0"]
[WhiteElo "2375"]
[BlackElo "2488"]
[PlyCount "153"]
[EventDate "2019.08.28"]
[EventType "team-tourn"]
[EventRounds "9"]
[EventCountry "POL"]
[SourceTitle "EXT 2020"]
[Source "ChessBase"]
[SourceDate "2019.10.17"]
[SourceVersion "1"]
[SourceVersionDate "2019.10.17"]
[SourceQuality "1"]
[WhiteTeam "Krakow Dwie Wieze"]
[BlackTeam "Legnica Miedz"]
[WhiteTeamCountry "POL"]
[BlackTeamCountry "POL"]

1. d4 Nf6 2. c4 g6 3. Nc3 Bg7 4. e4 d6 5. f3 0-0 6. Be3 Nc6 7. Nge2 a6 8. Qd2 Rb8 9. 0-0-0 b5 10. Bh6 e5 11. h4 b4 12. Nd5 Nxd5 13. cxd5 Bxh6 14. Qxh6 Na5 15. Ng3 Rb6 16. Kb1 Qe7 17. dxe5 dxe5 18. Qe3 Bd7 19. Rc1 Qd6 20. Qc5 Nb7 21. Qxc7 Rc8 22. Qxd6 Rxc1+ 23. Kxc1 Nxd6 24. Bd3 a5 25. Kd2 Rb8 26. Rc1 Rc8 27. Rxc8+ Bxc8 28. Nf1 Kf8 29. Ne3 Ke7 30. a3 bxa3 31. bxa3 f6 32. Kc3 Bd7 33. g3 h6 34. Kb3 h5 35. Kc3 Be8 36. Be2 Kd7 37. Ba6 Kc7 38. Nc4 Nxc4 39. Kxc4 Kb6 40. Bc8 Bb5+ 41. Kc3 g5 42. Kd2 gxh4 43. gxh4 Kc5 44. Be6 Be8 45. Ke3 Kd6 46. Bf5 Kc5 47. Kd2 Kd6 48. Kc3 Kc5 49. Be6 Bg6 50. Kb3 Be8 51. Bf5 Kb5 52. Bc8 Kb6 53. Be6 Kc5 54. Kb2 Bg6 55. Kc3 Be8 56. Kb3 Kb6 57. d6 Bb5 58. Bf7 Kc5 59. Bxh5 Kxd6 60. Bg6 Ke7 61. h5 Kf8 62. h6 Kg8 63. Bf5 Kh8 64. Kb2 Be2 65. Kc3 Kg8 66. Kd2 Bc4 67. Ke3 Bf7 68. f4 exf4+ 69. Kxf4 Kh8 70. Ke3 Kg8 71. Kd4 Kf8 72. Kc5 Bb3 73. Kb5 a4 74. Kc5 Kf7 75. Kd6 Kf8 76. Be6 Bc2 77. Bd5 1-0

[Event "POL-chT Ekstraliga"]
[Site "Katowice"]
[Date "2019.08.30"]
[Round "3.1"]
[White "Bobras, Piotr"]
[Black "Plat, Vojtech"]
[Result "1/2-1/2"]
[WhiteElo "2488"]
[BlackElo "2561"]
[PlyCount "42"]
[EventDate "2019.08.28"]
[EventType "team-tourn"]
[EventRounds "9"]
[EventCountry "POL"]
[SourceTitle "EXT 2020"]
[Source "ChessBase"]
[SourceDate "2019.10.17"]
[SourceVersion "1"]
[SourceVersionDate "2019.10.17"]
[SourceQuality "1"]
[WhiteTeam "Legnica Miedz"]
[BlackTeam "Pegow Wieza"]
[WhiteTeamCountry "POL"]
[BlackTeamCountry "POL"]

1. d4 Nf6 2. c4 g6 3. Nc3 d5 4. cxd5 Nxd5 5. e4 Nxc3 6. bxc3 Bg7 7. Bc4 c5 8. Ne2 0-0 9. 0-0 Nc6 10. Be3 cxd4 11. cxd4 Bg4 12. f3 Na5 13. Bd3 Be6 14. d5 Bd7 15. Rb1 e6 16. Qd2 exd5 17. exd5 b5 18. Rfc1 a6 19. Bg5 Qb6+ 20. Be3 Qd8 21. Bg5 Qb6+ 1/2-1/2

[Event "POL-chT Ekstraliga"]
[Site "Katowice"]
[Date "2019.08.28"]
[Round "1.2"]
[White "Bobras, Piotr"]
[Black "Gazik, Viktor"]
[Result "0-1"]
[WhiteElo "2488"]
[BlackElo "2537"]
[PlyCount "74"]
[EventDate "2019.08.28"]
[EventType "team-tourn"]
[EventRounds "9"]
[EventCountry "POL"]
[SourceTitle "EXT 2020"]
[Source "ChessBase"]
[SourceDate "2019.10.17"]
[SourceVersion "1"]
[SourceVersionDate "2019.10.17"]
[SourceQuality "1"]
[WhiteTeam "Legnica Miedz"]
[BlackTeam "Katowice Wasko"]
[WhiteTeamCountry "POL"]
[BlackTeamCountry "POL"]

1. d4 Nf6 2. c4 e6 3. Nc3 Bb4 4. e3 b6 5. f3 0-0 6. e4 d6 7. a3 Bxc3+ 8. bxc3 Nc6 9. Bg5 e5 10. d5 Na5 11. Bd3 c6 12. Ne2 Ba6 13. 0-0 h6 14. Bh4 g5 15. Bf2 Nxc4 16. Ra2 cxd5 17. Ng3 dxe4 18. fxe4 Kh7 19. h4 Rg8 20. Qf3 Rg6 21. Be1 g4 22. Qf2 h5 23. Nxh5 Nxh5 24. Qxf7+ Ng7 25. h5 Re6 26. h6 Rxh6 27. Bxc4 Bxc4 28. Qxc4 Rc8 29. Qd3 Rh5 30. Qg3 Qg5 31. Raf2 Qh6 32. Rf7 Kg8 33. R1f6 Rh1+ 34. Kf2 Qc1 35. Ke2 Qc2+ 36. Bd2 Qxe4+ 37. Be3 Rxc3 0-1

[Event "CZE-chT 1819"]
[Site "Czech Republic"]
[Date "2019.02.09"]
[Round "7.6"]
[White "Vykouk, Jan"]
[Black "Bobras, Piotr"]
[Result "1-0"]
[WhiteElo "2418"]
[BlackElo "2487"]
[PlyCount "80"]
[EventDate "2018.11.03"]
[EventType "team-tourn"]
[EventRounds "11"]
[EventCountry "CZE"]
[SourceTitle "CBM 188 Extra"]
[Source "ChessBase"]
[SourceDate "2019.02.26"]
[SourceVersion "1"]
[SourceVersionDate "2019.02.26"]
[SourceQuality "1"]
[WhiteTeam "Turnov Zikuda"]
[BlackTeam "Poruba Slavoj"]
[WhiteTeamCountry "CZE"]
[BlackTeamCountry "CZE"]

1. e4 c5 2. Nf3 d6 3. d4 cxd4 4. Nxd4 Nf6 5. Nc3 a6 6. Be3 e5 7. Nb3 Be7 8. f3 Be6 9. Qd2 0-0 10. 0-0-0 Nbd7 11. g4 b5 12. g5 b4 13. Ne2 Ne8 14. f4 a5 15. f5 Bxb3 16. cxb3 a4 17. Kb1 axb3 18. Nc1 bxa2+ 19. Ka1 Qc8 20. Nb3 Bd8 21. Rc1 Qb7 22. Bc4 Bb6 23. Bd5 Bxe3 24. Qxe3 Qa7 25. Qh3 Rd8 26. Rhg1 Nb6 27. g6 Nf6 28. gxf7+ Kh8 29. Qg2 Rxf7 30. Bxf7 Qxf7 31. Rc6 Na4 32. Qc2 Nc5 33. Nxc5 dxc5 34. Rxc5 b3 35. Qe2 Qa7 36. Rgc1 h6 37. R5c3 Rd4 38. Rc7 Qa5 39. Rc8+ Rd8 40. Qe1 Qb6 1-0

[Event "POL-chT"]
[Site "Poland"]
[Date "2018.06.10"]
[Round "3.1"]
[White "Olszewski, Michal"]
[Black "Bobras, Piotr"]
[Result "1/2-1/2"]
[WhiteElo "2529"]
[BlackElo "2499"]
[PlyCount "60"]
[EventDate "2018.06.08"]
[EventType "team-tourn"]
[EventRounds "9"]
[EventCountry "POL"]
[SourceTitle "CBM 184 Extra"]
[Source "ChessBase"]
[SourceDate "2018.06.28"]
[SourceVersion "1"]
[SourceVersionDate "2018.06.28"]
[SourceQuality "1"]
[WhiteTeam "Gliwice Akademia Szachowa"]
[BlackTeam "Legnica Miedz"]
[WhiteTeamCountry "POL"]
[BlackTeamCountry "POL"]

1. Nf3 Nf6 2. c4 g6 3. Nc3 Bg7 4. e4 d6 5. d4 0-0 6. h3 Na6 7. Bg5 Qe8 8. g4 c5 9. Bg2 cxd4 10. Nxd4 Bd7 11. Be3 Rc8 12. Qe2 Nc5 13. 0-0 h5 14. g5 Nh7 15. Rad1 a6 16. Nb3 Na4 17. Nxa4 Bxa4 18. Rc1 e5 19. Qd2 Bxb3 20. axb3 Qe7 21. Rfd1 Rc6 22. h4 Rfc8 23. Bh3 R8c7 24. Qb4 Nf8 25. f3 Ne6 26. Bxe6 Qxe6 27. Kg2 Bf8 28. Qa5 Be7 29. Rc3 Kg7 30. Rcd3 Rc8 1/2-1/2